00765nam a2200241 4500001001300000003000400013005001700017008004100034010002200075025001900097043001200116050001800128082001500146100002800161245009800189260009500287300001800382350001300400500001700413651003300430710004300463999001700506sa 68012201 DLC20260227112608.0700825s1966 pk s 00010 eng  asa 68012201 //r70 aPL480:P-E-1202 aa-pk---0 aHA1730.5b.A8 a312/.0954910aAslam, Mohammad,d1931-1 aAbridged life tables of Pakistan & its provinces, 1962 (provisional).c[Prepared by M. Aslam.0 aKarachi]bCentral Statistical Office, Economic Affairs Division, Govt. of Pakistan,c1966. a59 p.c26 cm. aunpriced aCover title. 0aPakistanxStatistics, Vital.10aPakistan.bCentral Statistical Office. c84379d84379